Word Ladder: Phrase Finder II Quiz Stats

 Plays Quiz Updated Feb 23, 2013

Support Sporcle.
Go Orange.
Score 0/20 Timer 02:00
0 Plays Today
Clue Answer % Correct
Less than twiceΩ ONCE Ω
97.6%
Not sweet but bitterSOUR
86%
Charged atomsIONS
85.1%
Azure or aquamarineΩ BLUE Ω
85%
____-chef, chef's chief assistantSOUS
84.6%
Sticky substanceGLUE
84.2%
Not bad or evilGOOD
83.1%
Fraternal offspringSONS
82.7%
Earth's natural satelliteΩ MOON Ω
81.5%
Ancient South American civilizationINCA
77.3%
Clue Answer % Correct
Emotional dispositionMOOD
76.4%
Sullen or somberGLUM
72%
TavernsINNS
71%
Paul ____, retired English soccer playerINCE
70.4%
Make hazy or unclearBLUR
68.5%
Happy or contentGLAD
67.1%
____ Rock, mulleted musical genreGLAM
64.1%
Poke and prodGOAD
64.1%
Defamatory declaration SLUR
63.7%
Norwegian riverΩ IN(N)A Ω
60.6%

Today's Daily Dose

You're not logged in!

Compare scores with friends on all Sporcle quizzes.
OR
Log In

From the Vault

Fastest Animals

by Heffy

These animals may be fast, but they don't have to pay taxes, we're sure that has something to do with it.
Remove Ads.
Support Sporcle.
Get the best of Sporcle when you Go Orange. This ad-free experience offers more features, more stats, and more fun while also helping to support Sporcle. Thank you for becoming a member.

Show Comments

Extras

Top Quizzes Today


Score Distribution

Your Account Isn't Verified!

In order to create a playlist on Sporcle, you need to verify the email address you used during registration. Go to your Sporcle Settings to finish the process.

Report this User

Report this user for behavior that violates our Community Guidelines.

Details: